Missing Word: Shared Literary Word A-Z Quiz Stats

 Plays Quiz Updated Apr 29, 2015

Challenge
Share
Tweet
Embed
Score 0/25 Timer 03:00
0 Plays Today
Work Word % Correct
_____ Expectations
Dickens
Great
97.9%
______ Women
Alcott
Little
97.1%
Treasure ______
Stevenson
Island
96.2%
All the ____'s Men
Warren
King
95.1%
Gone with the ____
Mitchell
Wind
94.3%
The ___ Man and the Sea
Hemingway
Old
93.8%
Tom _____
Henry Fielding
Jones
93.5%
A Farewell to ____
Hemingway
Arms
92.8%
A Room with a ____
Forster
View
92.6%
Cry, the Beloved _______
Paton
Country
92.3%
_____ the Volcano
Lowry
Under
92.2%
As ___ Like It
Shakespeare
You
91.8%
The _______ Letter
Hawthorne
Scarlet
91.4%
Work Word % Correct
The _____ American
Greene
Quiet
90%
The _______ of the Lady
James
Portrait
81.8%
A _______ Splendid Suns
Hosseini
Thousand
79.4%
On the ____
Kerouac
Road
78.8%
The Remains of the ___
Ishiguro
Day
78.5%
Pale ____
Nabokov
Fire
72%
If I Ran the ___
Seuss
Zoo
70.5%
Of _____ Bondage
Maugham
Human
70.1%
The Good _____
Buck
Earth
65.5%
_____ Budd
Melville
Billy
65.2%
______ Son
Wright
Native
48%
The _____ and Margarita
Bulgakov
Master
17.5%

Today's Daily Dose

Missing Word
Biopics

Word Ladder
Food Idioms

Quick Pick
Diets

On This Day
December 18th II

You're not logged in!

Compare scores with friends on all Sporcle quizzes.
OR
Log In

You Might Also Like...

Show Comments

Extras

Top Quizzes Today


Score Distribution

Your Account Isn't Verified!

In order to create a playlist on Sporcle, you need to verify the email address you used during registration. Go to your Sporcle Settings to finish the process.

Report this User

Report this user for behavior that violates our Community Guidelines.

Details: